| 000 | 00483nam a2200169Ia 4500 | ||
|---|---|---|---|
| 008 | 150610s9999 xx 000 0 und d | ||
| 020 | _a9780618685509 | ||
| 050 |
_aPZ7 _b.L9673Gos 2006 |
||
| 100 | _aLowry, Lois. | ||
| 245 |
_aGossamer / _cLois Lowry. |
||
| 260 |
_aNew York, _bHoughton Mifflin Company, _c2006. |
||
| 300 |
_a140pages ; _c22 cm. |
||
| 520 | _aFiction. | ||
| 650 |
_aChild abuse _bFiction. |
||
| 650 |
_aFoster home care _xFiction. |
||
| 650 |
_aNightmares _xFiction. |
||
| 999 |
_c287867 _d287867 |
||